000
00238nam a22001097a 4500
082
_a
621.366WIN
100
_a
Winburn
245
_a
What every engineer should know about
260
_a
New York
_b
Marcel
_c
1987
300
_a
203
942
_c
BK
999
_c
14848
_d
14848